Départements limitrophes de la Seine-et-Marne - Erreurs Eliminatoires - Statistiques

Statistiques générales
  • Ce quiz a été pris 23 fois
  • Le résultat moyen est 8 sur 10
Statistiques - réponses
Départements % Correct
Val-de-Marne
95%
Marne
91%
Yonne
91%
Seine-Saint-Denis
86%
Aisne
82%
Aube
82%
Essonne
82%
Oise
77%
Val-d'Oise
73%
Loiret
68%
Aucun quiz correspondant
Distribution des résultats
% des personnes avec chaque résultat
Percentile par nombre de réponses
Votre historique - résultats
Vous n’avez pas pris ce quiz